R Graph Essentials (Record no. 339401)

MARC details
000 -LEADER
fixed length control field 00534nam a2200169Ia 4500
008 - FIXED-LENGTH DATA ELEMENTS--GENERAL INFORMATION
fixed length control field 230718s9999 xx 000 0 und d
020 ## - INTERNATIONAL STANDARD BOOK NUMBER
International Standard Book Number 9789351108290
041 ## - LANGUAGE CODE
Language code of text/sound track or separate title eng
082 ## - DEWEY DECIMAL CLASSIFICATION NUMBER
Classification number 005.13'3074
Item number LIL
100 ## - MAIN ENTRY--PERSONAL NAME
Personal name Lillis D.A.
9 (RLIN) 197462
245 ## - TITLE STATEMENT
Title R Graph Essentials
Remainder of title Use R's Powerful Graphing Capabilities To Design And Create Professional-Level Graphics
260 ## - PUBLICATION, DISTRIBUTION, ETC. (IMPRINT)
Date of publication, distribution, etc. 2014
Name of publisher, distributor, etc. Packt/SPD
300 ## - PHYSICAL DESCRIPTION
Extent 176
365 ## - TRADE PRICE
Currency code Rs.
Price amount 375.00
700 ## - ADDED ENTRY--PERSONAL NAME
Personal name Lillis D.A.
9 (RLIN) 197462
906 ## - LOCAL DATA ELEMENT F, LDF (RLIN)
d O:0449416-May-2015B:762213-Apr-2015
c COMP
b 86.25
Holdings
Withdrawn status Lost status Damaged status Not for loan Home library Current library Date acquired Vendor Budget Code Cost, normal purchase price Bill number Total Checkouts Full call number Barcode Date last seen Discount Cost, replacement price Bill Date Koha item type Original Barcode
        Cummins College of Engineering for Women Pune Cummins College of Engineering for Women Pune 16/05/2015 Technical Book Services COMP 288.75 7622   005.13'3074 CCEP-BK-50608 18/07/2023 86.25 375.00 13/04/2015 Books 050608